[Event "Let's Play Chess!"]
[Site "http://www.queenalice.com/game.php?id=206929"]
[Date "2007.5.6"]
[Round "-"]
[White "dtrainey"]
[Black "ihwitz"]
[Result "1-0"]
[WhiteElo "1545"]
[BlackElo "1540"]

1. d4 c6 2. c4 e6 3. c5 d5 4. b4 a6 5. Bf4 Nd7 6. Qc2 Ne7 7. e4 Ng6 8. Nh3 Nxf4
9. Nxf4 Be7 10. e5 b6 11. a4 O-O 12. Bd3 f5 13. Nxe6 Qe8 14. Nc7 Qg6 15. Nxa8
Qxg2 16. Rf1 b5 17. Nc3 bxa4 18. f3 Bh4+ 19. Kd1 Qg6 20. Rxa4 Bb7 21. Nc7 Bd8
22. Nxa6 Re8 23. Bxf5 Qh5 24. Bxd7 Rf8 25. Bg4 Qg5 26. b5 Rf4 27. e6 cxb5 28.
Nxb5 h5 29. c6 Bxc6 30. Qc5 Bxb5 31. Qxb5 Bf6 32. Qe8+ Kh7 33. Qxh5+ 1-0

[Event "Let's Play Chess!"]
[Site "http://www.queenalice.com/game.php?id=206930"]
[Date "2007.5.6"]
[Round "-"]
[White "ihwitz"]
[Black "CampbellMarcel"]
[Result "0-1"]
[WhiteElo "1576"]
[BlackElo "880"]

1. e3 e5 2. c3 d5 3. d4 e4 4. Ne2 Nc6 5. Nf4 Nf6 6. Be2 Bd6 7. O-O O-O 8. Nd2
Be6 9. a3 Qd7 10. b3 a6 11. c4 Bxf4 12. cxd5 Nxd5 13. Nxe4 Bh6 14. Nc5 Qc8 15.
Nxe6 Qxe6 16. a4 Nc3 17. Qd3 Nxe2+ 18. Qxe2 Qxb3 19. Ra3 Qe6 20. Bd2 Rad8 21.
Rb1 Nxd4 22. Qd3 Nf3+ 23. gxf3 Rxd3 0-1

[Event "Let's Play Chess!"]
[Site "http://www.queenalice.com/game.php?id=207412"]
[Date "2007.5.7"]
[Round "-"]
[White "ihwitz"]
[Black "Andre251"]
[Result "0-1"]
[WhiteElo "1540"]
[BlackElo "1722"]

1. d4 e6 2. Nf3 b6 3. e4 Nf6 4. Bd3 Bb7 5. O-O Nxe4 6. c4 h6 7. b4 Bxb4 8. Ne5
Nc6 9. Bxe4 Qh4 10. f3 Bd6 11. Nc3 f6 12. Ng6 Qxh2+ 13. Kf2 O-O-O 14. Rg1 Rhe8
15. Ke2 f5 16. Bc2 Qg3 17. Ne5 Bxe5 18. dxe5 Qxe5+ 19. Kf2 Qxc3 20. Bd2 Qxc4 21.
Bb3 Qd3 22. Rc1 Ne5 23. Rc3 Qd4+ 24. Ke2 Ba6+ 25. Ke1 Qxg1# 0-1

[Event "Let's Play Chess!"]
[Site "http://www.queenalice.com/game.php?id=207414"]
[Date "2007.5.7"]
[Round "-"]
[White "ihwitz"]
[Black "Barbudo"]
[Result "0-1"]
[WhiteElo "1547"]
[BlackElo "1660"]

1. e4 e5 2. Nc3 Bc5 3. h3 Nf6 4. d3 O-O 5. Nf3 Nc6 6. Bd2 d6 7. Be2 Nd4 8. Nxd4
Bxd4 9. O-O Nd7 10. b4 Qf6 11. Nd5 Qd8 12. Rb1 c6 13. Ne3 Qf6 14. c3 Bxe3 15.
fxe3 Qg6 16. Bh5 Qg5 17. Qf3 Nf6 18. Bg4 Nxg4 19. hxg4 Bxg4 20. Qg3 h5 21. d4 h4
22. Rf5 hxg3 23. Rxg5 Be6 24. dxe5 Rad8 25. Rd1 Bxa2 26. Rxg3 Bb3 27. Rb1 Bc2
28. Rb2 Bxe4 29. Kf2 dxe5 30. Be1 Rd3 31. Rg4 f5 32. Rh4 g5 33. Rh5 g4 34. b5 c5
35. b6 a6 36. Bd2 Rfd8 37. Bc1 Rxc3 38. Rg5+ Kf7 39. Bd2 Rcd3 40. Kg3 Rxd2 41.
Rb1 Rxg2+ 0-1

[Event "Let's Play Chess!"]
[Site "http://www.queenalice.com/game.php?id=207416"]
[Date "2007.5.7"]
[Round "-"]
[White "ihwitz"]
[Black "KaspaBranca"]
[Result "0-1"]
[WhiteElo "1515"]
[BlackElo "1976"]

1. b3 c5 2. Nc3 d5 3. e3 Nc6 4. d3 Nf6 5. Nf3 e5 6. Na4 b5 7. Nc3 Qa5 8. Bd2 b4
9. Ne2 e4 10. dxe4 dxe4 11. Ng5 c4 12. bxc4 Qxg5 13. c3 Bg4 14. Qa4 Bd7 15. cxb4
Ne5 16. b5 Nd3+ 17. Kd1 Nb2+ 0-1

[Event "Let's Play Chess!"]
[Site "http://www.queenalice.com/game.php?id=207739"]
[Date "2007.5.8"]
[Round "-"]
[White "ihwitz"]
[Black "MarcosT"]
[Result "0-1"]
[WhiteElo "1522"]
[BlackElo "1729"]

1. e4 Nc6 2. Nc3 Nf6 3. Nf3 e5 4. d3 Bb4 5. Bd2 O-O 6. Be2 h6 7. O-O Re8 8. Qc1
Ng4 9. Nh4 Qxh4 10. Bxg4 Bxc3 11. bxc3 Qxg4 12. f3 Qg6 13. Be3 d5 14. a3 Bh3 15.
Rf2 d4 16. cxd4 exd4 17. Bd2 Ne5 18. g3 Qf6 19. f4 Ng4 20. e5 Qc6 21. Re2 Re6
22. Qb2 Qf3 23. Rae1 c5 24. c3 Rd8 25. cxd4 cxd4 26. Bb4 Ne3 27. Qd2 Bf1 28. Rf2
Qd5 29. Rfxf1 Rc8 30. Rc1 Rxc1 31. Rxc1 b6 32. Rc8+ Kh7 33. Rf8 a5 34. Bd6 Ng4
35. Rxf7 Qb3 36. Qe2 Ne3 37. Bf8 Rg6 38. Kf2 Qxf7 39. Bxg7 Rxg7 40. Qf3 Ng4+ 41.
Kg2 Ne3+ 42. Kh3 Qf5+ 0-1

[Event "Let's Play Chess!"]
[Site "http://www.queenalice.com/game.php?id=207741"]
[Date "2007.5.8"]
[Round "-"]
[White "Milton"]
[Black "ihwitz"]
[Result "1-0"]
[WhiteElo "1443"]
[BlackElo "1576"]

1. e4 e5 2. Nf3 Nc6 3. Bc4 Be7 4. d3 a6 5. Nc3 Nf6 6. O-O O-O 7. Re1 b5 8. Bb3
Rb8 9. Nd5 Nxd5 10. Bxd5 Bb7 11. Bxc6 Bxc6 12. Nxe5 Bb7 13. Qg4 Bc8 14. Bh6 g6
15. Bxf8 Bxf8 16. Qf4 Qe7 17. Re3 d6 18. Nc6 g5 19. Nxe7+ 1-0

[Event "Let's Play Chess!"]
[Site "http://www.queenalice.com/game.php?id=207793"]
[Date "2007.5.8"]
[Round "-"]
[White "ihwitz"]
[Black "Patrick77"]
[Result "0-1"]
[WhiteElo "1531"]
[BlackElo "1664"]

1. g3 d5 2. Bg2 Nf6 3. d4 Nc6 4. e3 Bg4 5. Nf3 e6 6. O-O Bd6 7. c3 O-O 8. Re1
Re8 9. Qd3 Bf5 10. Qe2 h6 11. Nbd2 e5 12. Nh4 Bh7 13. c4 Nb4 14. c5 Nc2 15. dxe5
Bxe5 16. Rb1 Nxe1 17. Qxe1 Bxb1 18. Nxb1 c6 19. Nd2 Qa5 20. Qe2 Qxa2 21. Ndf3
Qa1 22. Bh3 Qxc1+ 23. Bf1 Bxb2 24. Nf5 Ba3 25. N3h4 Bxc5 26. Qg4 Nxg4 0-1

[Event "Let's Play Chess!"]
[Site "http://www.queenalice.com/game.php?id=208352"]
[Date "2007.5.9"]
[Round "-"]
[White "franzjonas"]
[Black "ihwitz"]
[Result "0-1"]
[WhiteElo "1252"]
[BlackElo "1595"]

1. e4 e6 2. c4 c6 3. e5 Ne7 4. d4 Nf5 5. Nf3 Be7 6. c5 b6 7. Be3 Nxe3 8. fxe3
bxc5 9. Nc3 O-O 10. Bd3 cxd4 11. exd4 Bb4 12. a3 Bxc3+ 13. bxc3 a5 14. Qc2 f5
15. exf6 Rxf6 16. Ne5 d6 17. Bxh7+ Kf8 18. Ng6+ Ke8 19. Rf1 Kd7 20. Nf4 Kc7 21.
Rb1 Nd7 22. Be4 Ba6 23. Rf2 g5 24. Nd3 Rh6 25. Qa4 d5 26. Qxa5+ Kd6 27. Qb4+ Kc7
28. Nc5 Bb5 29. Rd2 dxe4 0-1

[Event "Let's Play Chess!"]
[Site "http://www.queenalice.com/game.php?id=208353"]
[Date "2007.5.9"]
[Round "-"]
[White "ihwitz"]
[Black "franzjonas"]
[Result "1-0"]
[WhiteElo "1592"]
[BlackElo "1255"]

1. d3 e5 2. e3 Bb4+ 3. c3 Ba5 4. b4 Bb6 5. Nf3 Nc6 6. Be2 d5 7. a4 e4 8. Nd4 Nf6
9. Nxc6 bxc6 10. d4 Be6 11. a5 Bxa5 12. Rxa5 O-O 13. O-O Qd7 14. b5 cxb5 15.
Bxb5 c6 16. Be2 g6 17. c4 dxc4 18. Nc3 Rab8 19. h3 Nd5 20. Nxe4 Rb5 21. Rxb5
cxb5 22. Nc5 Qd8 23. e4 Nc3 24. Qc2 Qxd4 25. Be3 Nxe2+ 26. Qxe2 Qf6 27. f4 a5
28. e5 1-0

[Event "Let's Play Chess!"]
[Site "http://www.queenalice.com/game.php?id=209144"]
[Date "2007.5.11"]
[Round "-"]
[White "franzjonas"]
[Black "ihwitz"]
[Result "0-1"]
[WhiteElo "1458"]
[BlackElo "1566"]

1. e4 e6 2. Nc3 c6 3. e5 d5 4. exd6 Bxd6 5. d4 Ne7 6. Be3 Nd7 7. Nf3 O-O 8. Bd3
f5 9. O-O f4 10. Ng5 fxe3 11. Nxh7 Rxf2 12. Rxf2 exf2+ 13. Kf1 Nf5 14. Qh5 Nh6
15. Ng5 Nf6 16. Bh7+ Nxh7 17. Nxh7 Kxh7 18. Ne4 Be7 19. Rd1 Qf8 20. Rd3 e5 21.
Rf3 Qd8 22. Ng5+ Bxg5 0-1

[Event "Let's Play Chess!"]
[Site "http://www.queenalice.com/game.php?id=209271"]
[Date "2007.5.11"]
[Round "-"]
[White "reginaldox"]
[Black "ihwitz"]
[Result "1-0"]
[WhiteElo "1767"]
[BlackElo "1536"]

1. b4 g6 2. Bb2 Nf6 3. Nf3 b6 4. e3 Bb7 5. Be2 Bg7 6. O-O O-O 7. c4 a5 8. a3 d6
9. b5 d5 10. d3 Nbd7 11. Nbd2 dxc4 12. dxc4 Ra7 13. a4 e5 14. Nxe5 Qa8 15. Nc6
Bxc6 16. bxc6 Qxc6 17. Bf3 Qc5 18. Bd4 Qg5 19. Rc1 c5 20. Bc3 Rd8 21. Qc2 Nf8
22. Bxf6 Bxf6 23. Ne4 Qe5 24. Rfd1 Re8 25. Rd6 Bg7 26. Rcd1 Nd7 27. R1d5 Qa1+
28. Bd1 Rxe4 29. Rxd7 Rxc4 30. Qxc4 Rxd7 31. Rxd7 h5 32. Qxf7+ Kh8 33. g3 Kh7
34. Kg2 Qe5 35. Re7 Qc3 36. Bf3 1-0

[Event "Let's Play Chess!"]
[Site "http://www.queenalice.com/game.php?id=209272"]
[Date "2007.5.11"]
[Round "-"]
[White "ihwitz"]
[Black "reginaldox"]
[Result "1-0"]
[WhiteElo "1520"]
[BlackElo "1796"]

1. e3 g5 2. c4 Bg7 3. Be2 Nc6 4. Bf3 d6 5. Ne2 e5 6. Ng3 Be6 7. O-O f5 8. Qb3
Rb8 9. d4 e4 10. Bh5+ Bf7 11. Nxf5 Qf6 12. Bxf7+ Kxf7 13. c5+ Kf8 14. Nxg7 Qxg7
15. cxd6 cxd6 16. Qa3 Qe7 17. Nc3 Nf6 18. f3 Ke8 19. fxe4 Nxe4 20. Nd5 Qg7 21.
Qd3 Qg6 22. b4 Kd7 23. b5 Ne7 24. Nb4 Rhc8 25. b6 axb6 26. Qb5+ Nc6 27. d5 Nc3
28. Qc4 Na7 29. Qg4+ Kd8 30. Bb2 Nab5 31. Nd3 h5 32. Rf8+ Kc7 33. Qc4+ Kd7 34.
Ne5+ 1-0

[Event "Challenge"]
[Site "http://www.queenalice.com/game.php?id=228506"]
[Date "2007.6.21"]
[Round "-"]
[White "MagnoBaiao"]
[Black "ihwitz"]
[Result "1-0"]
[WhiteElo "1768"]
[BlackElo "1599"]

1. e4 b6 2. Bc4 e6 3. Nf3 d6 4. d3 Ne7 5. Ng5 Nec6 6. Qf3 Qe7 7. Nc3 Nd7 8. d4
Nf6 9. e5 dxe5 10. dxe5 Nxe5 11. Qxa8 Qd7 12. b3 Bb4 13. Bd2 O-O 14. Qxa7 Qd4
15. O-O Qxd2 16. Nce4 Nxe4 17. Nxe4 Qd7 18. Qa4 Qd4 19. Qxb4 Qxe4 20. Rfe1 Qxc2
21. Rxe5 Rd8 22. Qe7 Rf8 23. Qxc7 Qb2 24. Ree1 Qf6 25. Qxb6 h5 26. a4 h4 27. Qe3
g5 28. h3 Re8 29. Rad1 e5 30. Qa7 Be6 31. Rd6 Re7 32. Qb8+ Kg7 33. Rd8 Qh6 34.
Rg8+ Kf6 35. Rd1 Bxc4 36. bxc4 e4 37. Rdd8 g4 38. Rh8 Qc1+ 39. Kh2 e3 40. Qf4+
Ke6 41. Rd6# 1-0

[Event "Let's Play Chess!"]
[Site "http://www.queenalice.com/game.php?id=229578"]
[Date "2007.6.23"]
[Round "-"]
[White "vulture"]
[Black "ihwitz"]
[Result "0-1"]
[WhiteElo "1517"]
[BlackElo "1578"]

1. e4 e6 2. d4 c6 3. Nf3 d6 4. Bd3 Be7 5. Nc3 Nf6 6. O-O O-O 7. Be3 Nbd7 8. Ne1
e5 9. f4 exd4 10. Bxd4 b6 11. Nf3 a5 12. Qe2 Re8 13. e5 Nh5 14. Qe4 g6 15. g4 d5
16. Qe3 c5 17. gxh5 cxd4 18. Nxd4 Bc5 19. hxg6 hxg6 20. Nxd5 Kg7 21. c3 Nxe5 22.
fxe5 Qxd5 23. Be4 Qxe5 24. Rad1 Qd6 25. b4 axb4 26. Qf3 bxc3 27. Qxf7+ Kh6 28.
Qxe8 Bxd4+ 29. Kh1 Rxa2 30. Qxc8 Qxh2# 0-1

[Event "Let's Play Chess!"]
[Site "http://www.queenalice.com/game.php?id=229579"]
[Date "2007.6.23"]
[Round "-"]
[White "vmourae"]
[Black "ihwitz"]
[Result "1-0"]
[WhiteElo "1267"]
[BlackElo "1561"]

1. e4 e5 2. Bc4 c6 3. c3 Nf6 4. d4 Nxe4 5. f3 Qh4+ 6. g3 Nxg3 7. hxg3 Qxh1 8.
Be3 exd4 9. Bxd4 Qh6 10. b4 d5 11. Qe2+ Be7 12. Bb3 O-O 13. Be3 Qg6 14. Nd2
Qxg3+ 15. Bf2 Qc7 16. Nh3 Re8 17. O-O-O Bxh3 18. Bd4 Na6 19. Rg1 Bg5 20. Rxg5 g6
21. Qf2 Qf4 22. Rg4 Bxg4 23. fxg4 Qxg4 24. Qf6 Re1+ 25. Kb2 Kf8 26. Qh8+ Ke7 27.
Qxa8 Nc7 28. Qxb7 Qf4 29. Kc2 Kd6 30. Bc5+ 1-0

[Event "Let's Play Chess!"]
[Site "http://www.queenalice.com/game.php?id=266805"]
[Date "2007.9.4"]
[Round "-"]
[White "ihwitz"]
[Black "doran"]
[Result "0-1"]
[WhiteElo "1565"]
[BlackElo "1988"]

1. e3 g6 2. Nc3 Bg7 3. d4 d6 4. Nf3 Nd7 5. Be2 Ngf6 6. e4 e5 7. d5 Nc5 8. Bg5 a5
9. Bxf6 Qxf6 10. Bb5+ Nd7 11. O-O O-O 12. Qd2 Nc5 13. b3 Qe7 14. Be2 f5 15. exf5
gxf5 16. Ng5 f4 17. Nge4 Nxe4 18. Nxe4 Bf5 19. Bd3 Bg6 20. f3 h5 0-1

[Event "Let's Play Chess!"]
[Site "http://www.queenalice.com/game.php?id=266808"]
[Date "2007.9.4"]
[Round "-"]
[White "ihwitz"]
[Black "doran"]
[Result "0-1"]
[WhiteElo "1567"]
[BlackElo "1986"]

1. d4 g6 2. e4 Bg7 3. Nf3 c6 4. Nc3 d5 5. e5 Bg4 6. Be2 f6 7. exf6 exf6 8. Nd2
Bxe2 9. Nxe2 Nh6 10. Nf3 O-O 11. Bxh6 Bxh6 12. O-O Nd7 13. h3 Re8 14. b4 Nb6 15.
Nh4 Nc4 16. c3 Nd2 17. Ng3 Nxf1 18. Nxf1 Re4 19. Ng3 Rxh4 20. Qc2 Qe7 0-1

[Event "Let's Play Chess!"]
[Site "http://www.queenalice.com/game.php?id=266810"]
[Date "2007.9.4"]
[Round "-"]
[White "ihwitz"]
[Black "doran"]
[Result "0-1"]
[WhiteElo "1563"]
[BlackElo "1994"]

1. g3 g6 2. d4 Bg7 3. Bg2 c6 4. e4 d5 5. e5 f6 6. exf6 exf6 7. Nf3 Nh6 8. Bxh6
Bxh6 9. O-O O-O 10. Nbd2 Nd7 11. c4 dxc4 12. Nxc4 Nb6 13. Ne3 Be6 14. b3 Nd5 15.
Nc4 Qc7 16. Nfd2 Rad8 17. Qf3 Nb4 18. Ne4 Bg7 19. Rad1 Nxa2 20. Rfe1 Nb4 0-1

[Event "Let's Play Chess!"]
[Site "http://www.queenalice.com/game.php?id=266811"]
[Date "2007.9.4"]
[Round "-"]
[White "ihwitz"]
[Black "nallpinheiro"]
[Result "0-1"]
[WhiteElo "1590"]
[BlackElo "1404"]

1. e4 e5 2. Nf3 d6 3. Be2 Bg4 4. d3 Nf6 5. Ng5 Bxe2 6. Qxe2 h6 7. Nf3 Nfd7 8.
O-O Nf6 9. c4 Nc6 10. Be3 Be7 11. Qd2 Ng4 12. Nc3 h5 13. h3 Nf6 14. Nh4 Ng8 15.
Nf5 g6 16. Nxe7 Qxe7 0-1